| 000 | 00339nam a2200121Ia 4500 | ||
|---|---|---|---|
| 008 | 170224s9999 xx 000 0 und d | ||
| 245 | _aSymptoms of autism and ADHD: A Swedish twin study examining their overlap. | ||
| 260 | _bJournal of Abnormal Psychology | ||
| 260 | _c2014 | ||
| 300 | _a123:2 | ||
| 500 | _aMay | ||
| 650 | _xPsychology. | ||
| 999 |
_c316714 _d316714 |
||